000 00544nam a2200205 a 4500
001 000027932
003 DO-SdBNP
005 20220519135500.0
007 ta
008 110405s2005 dr acd 000 0 spa d
020 _a9945853511
040 _aDO-SdBNP
_bspa
_cBNPHU
049 _aBNPD
082 4 _222
245 1 0 _aMemorias 2003-2004 /
260 _aSanto Domingo :
_bServicios Jesuita Refujiados y Migrantes (SJRM),
_c2005.
300 _a61 p. :
_bil., gráf., retrs. ;
_c28 cm.
590 _aInventariado, 2022/BT
942 _2ddc
_cLBS1
999 _c27424
_d27424